Дело о награждении члена совета народного просвещения в Царстве Польском Линде орденом Святого Станислава 1-ой степени

Доступно только в Электронных читальных залах Найти на картеНа карте
RUSMARC
00003754nmc2a22002533x 450
001d466f027-a0fe-4692-89ae-fcccccb1763c
00520250621170448.0
100##$a20241209l18421846k l0rusy0189 ca
1010#$arus
$ager
102##$aRU
105##$ay###
1222#$ad
2001#$aДело о награждении члена совета народного просвещения в Царстве Польском Линде орденом Святого Станислава 1-ой степени
$j13 марта 1842 г. - 31 мая 1846 г.
215##$a26 л.
$d36,5х26 см
251##$cДело
300##$aНа обложке указано: "№41"
300##$aНа русском и немецком языках
371##$aДокумент не является опубликованным и широко распространяемым
461#0$10012b5b8419-5ce4-4d16-a7a3-85720a295f1f
$12001
$aКанцелярия министра народного просвещения
$1251
$cФонд
$1852
$j735
462#0$1001562cc287-b13c-4f02-8029-f81535ba1e2e
$12001
$aКанцелярия министра народного просвещения
$1251
$cОпись
$1852
$j2
801#0$aRU
$bРГИА
$c20241209
$gRCR
801#1$aRU
$bГлавНИВЦ
$c20241209
$2rusmarc
801#2$aRU
$bПБ им. Б.Н. Ельцина
$c20250621
$gRCR
$2rusmarc
850##$aРГИА
852##$aРГИА
$eФедеральное казенное учреждение "Российский государственный исторический архив" (РГИА)
$j301
937##$hРГИА
$d12421219
$aASBIBLIO_SCAN
035##$aRusGRCC00083095
856##$uhttp://readingroom.main.prlib.ru/item.aspx?id_node=n196846525&mode=full
Формат отображения